000 00514nam a2200181Ia 4500
003 GCL
008 140319s9999 xx 000 0 ara d
040 _aGCL /
_cGCL
082 0 4 _a813.01
_bف غ
100 1 _aفوزية رشيد
245 1 0 _aغابة فى العراء /
_cفوزية رشيد
300 _a222 ص
490 _a
650 0 4 _aالقصص القصيرة
650 0 4 _aالقصص العربية القصيرة
650 0 4 _aالادب العربى - العصر الحديث
942 _2ddc
_cBK
999 _c39684
_d39684